|
|
|
|
| LEADER |
00000nab a2200000 a 4500 |
| 001 |
vtls010336113 |
| 003 |
SK-MaSNL |
| 005 |
20260303170424.0 |
| 008 |
120119 2011 xo m 000 0 slo |
| 038 |
|
|
|a PPPK
|
| 040 |
|
|
|a PPPKCL
|b slo
|c PPPK
|e AACR2
|
| 041 |
0 |
|
|a slo
|
| 044 |
|
|
|a xo
|c SK
|
| 080 |
|
|
|a 930.85
|2 2001
|
| 080 |
|
|
|a 726.52
|x (437.6)
|2 2001
|
| 080 |
|
|
|a 394.1/.7
|2 2001
|
| 245 |
0 |
0 |
|a Dni európskeho kultúrneho dedičstva v Levoči
|c [text a foto] Informačná kancelária mesta Levoča
|
| 300 |
|
|
|b Fotogr.
|
| 610 |
2 |
7 |
|a Kaplnka sv. Juraja (Levoča, Slovensko)
|2 pppkcl
|9 1193605
|
| 611 |
2 |
7 |
|a Dni európskeho kultúrneho dedičstva
|d (2011 :
|c Levoča, Slovensko)
|2 pppkcl
|9 1193606
|
| 611 |
2 |
7 |
|a Septembrové popoludnie s folklórom
|d (2011 :
|c Levoča, Slovensko)
|2 pppkcl
|9 1193607
|
| 648 |
|
7 |
|a 10.9.2011
|2 pppkcl
|9 1099199
|
| 650 |
0 |
7 |
|a kultúrne dedičstvo
|2 pppkcl
|9 4195
|
| 650 |
0 |
7 |
|a kaplnky
|2 pppkcl
|9 3026
|
| 650 |
0 |
7 |
|a kultúrne podujatia
|2 pppkcl
|9 71676
|
| 651 |
|
7 |
|a Levoča (Slovensko)
|2 pppkcl
|9 26696
|
| 773 |
0 |
|
|t LIM - Levočský informačný mesačník
|g č. 9 (2011), s. 7
|
| 852 |
|
|
|a PPPK
|b KIS3GCP
|
| 999 |
|
|
|c 2077049
|d 2078979
|